000 00434nam a22001697a 4500
005 20180719154141.0
008 160527b xxu||||| |||| 00| 0 eng d
020 _a81-203-1730-0
041 _aeng
082 _b5563
_a658.15244
100 _aBhattacharya, HrishiKesh
_91208
245 _aWorking Capital Management
260 _aNew Delhi
_bAcademic Faundation
_c2004
300 _a436p,
650 _aManagement
_9241
942 _cBK
999 _c1980
_d1979